Caricamento...

Guidelines for the management of tropical forests: 1.The production of wood /

Dettagli Bibliografici
Natura: Printed Book
Pubblicazione: 2001.
Edizione:t
LEADER 00570cam a2200181ua 4500
008 060815t2001||||||||||| 00 ||||| c
020 |a 81-7035-245-2 
082 |a 578.730 913 GUI 
245 0 0 |a Guidelines for the management of tropical forests: 1.The production of wood /  
250 |a t 
260 |c 2001. 
300 |a vii, 293pg.. 
362 1 |a 2001. 
365 |a Rs.595/- 
504 |a . 
942 |c BK 
999 |c 10454  |d 10454 
952 |0 0  |1 0  |4 0  |6 578_730000000000000_913_GUI  |7 0  |9 10910  |a KUCL  |b KUCL  |d 2014-05-23  |l 0  |o 578.730 913 GUI  |p 12319  |r 2014-05-23  |w 2014-05-23  |y BK  |f 00000